|
|
|
|
| LEADER |
01154pam a22002898a 4500 |
| 001 |
00030413 |
| 005 |
20171026081025.0 |
| 008 |
130218s2012 ||||||viesd |
| 020 |
|
|
|c 36000
|
| 041 |
0 |
# |
|a vie
|
| 082 |
1 |
4 |
|a 303.480 959 7
|b GI108TH
|
| 100 |
1 |
# |
|e Chủ biên
|a Lê, Thanh Bình
|
| 245 |
1 |
0 |
|a Giao thoa văn hóa và chính sách ngoại giao văn hóa Việt Nam
|b Lê Thanh Bình (ch.), Đoàn Văn Dũng, Nguyễn Tuấn Hiệp, Nguyễn Anh Thư
|c Lê, Thanh Bình
|
| 260 |
# |
# |
|a Hà Nội
|b Chính trị quốc gia
|c 2012
|
| 300 |
# |
# |
|a 204 tr.
|c 21 cm.
|
| 504 |
# |
# |
|a Thư mục: tr. 198-200
|
| 653 |
# |
# |
|a Chính sách
|
| 653 |
# |
# |
|a Việt Nam
|
| 653 |
# |
# |
|a Giao thoa văn hóa
|
| 700 |
1 |
# |
|a Nguyễn, Anh Thư
|
| 700 |
1 |
# |
|a Nguyễn, Tuấn Hiệp
|
| 700 |
1 |
# |
|a Đoàn, Văn Dũng
|
| 852 |
# |
# |
|b Kho mượn
|j KM.0014752, KM.0014753, KM.0014754, KM.0014755
|
| 852 |
# |
# |
|j KD.0014419
|j KM.0014753
|j KM.0014754
|j KM.0014752
|j KM.0014755
|
| 852 |
# |
# |
|b Kho đọc
|j KD.0014419
|
| 910 |
|
|
|d 18/02/2013
|
| 980 |
# |
# |
|a Trung tâm Học liệu Lê Vũ Hùng, Trường Đại học Đồng Tháp
|